<?xml version="1.0" encoding="UTF-8"?>
<record
    xmlns:xsi="http://www.w3.org/2001/XMLSchema-instance"
    xsi:schemaLocation="http://www.loc.gov/MARC21/slim http://www.loc.gov/standards/marcxml/schema/MARC21slim.xsd"
    xmlns="http://www.loc.gov/MARC21/slim">

  <leader>00571nam a2200181Ia 4500</leader>
  <controlfield tag="003">SGT</controlfield>
  <datafield tag="020" ind1=" " ind2=" ">
    <subfield code="a">9788122412239</subfield>
  </datafield>
  <datafield tag="082" ind1=" " ind2=" ">
    <subfield code="a">627.52</subfield>
    <subfield code="b">VAR</subfield>
  </datafield>
  <datafield tag="100" ind1=" " ind2=" ">
    <subfield code="a">Valkenburg,M.E. Van</subfield>
  </datafield>
  <datafield tag="245" ind1=" " ind2=" ">
    <subfield code="a">Theory and design of irrigation structures</subfield>
  </datafield>
  <datafield tag="260" ind1=" " ind2=" ">
    <subfield code="b">Nem Chand &amp; Bros</subfield>
    <subfield code="a">Roorkee</subfield>
    <subfield code="c">2005</subfield>
  </datafield>
  <datafield tag="300" ind1=" " ind2=" ">
    <subfield code="a">562p.</subfield>
  </datafield>
  <datafield tag="650" ind1=" " ind2=" ">
    <subfield code="a">CIVIL ENGINEERING</subfield>
  </datafield>
  <datafield tag="653" ind1=" " ind2=" ">
    <subfield code="a">SOLIDS-WATER-AIR RELATIONSHIPS AND INDEX PROPERTIES OF SOILS,CLASSIFICATION OF SOILS  SOIL STRUCTURE AND CLAY MINERALS, SOIL COMPACTION WELL FOUNDATIONS</subfield>
  </datafield>
  <datafield tag="700" ind1=" " ind2=" ">
    <subfield code="a">Gupta,R.L</subfield>
  </datafield>
  <datafield tag="700" ind1=" " ind2=" ">
    <subfield code="a">Gupta,R.S</subfield>
  </datafield>
  <datafield tag="942" ind1=" " ind2=" ">
    <subfield code="2">ddc</subfield>
    <subfield code="c">BK</subfield>
  </datafield>
  <datafield tag="952" ind1=" " ind2=" ">
    <subfield code="0">0</subfield>
    <subfield code="1">0</subfield>
    <subfield code="2">ddc</subfield>
    <subfield code="4">0</subfield>
    <subfield code="7">0</subfield>
    <subfield code="a">FE</subfield>
    <subfield code="b">FE</subfield>
    <subfield code="d">2011-07-02</subfield>
    <subfield code="h">1</subfield>
    <subfield code="i">SGTU</subfield>
    <subfield code="l">0</subfield>
    <subfield code="o">627.52 VAR</subfield>
    <subfield code="p">FE3856</subfield>
    <subfield code="r">2015-02-09 00:00:00</subfield>
    <subfield code="w">2015-02-09</subfield>
    <subfield code="y">BK</subfield>
  </datafield>
  <datafield tag="952" ind1=" " ind2=" ">
    <subfield code="0">0</subfield>
    <subfield code="1">0</subfield>
    <subfield code="2">ddc</subfield>
    <subfield code="4">0</subfield>
    <subfield code="7">0</subfield>
    <subfield code="a">FE</subfield>
    <subfield code="b">FE</subfield>
    <subfield code="d">2011-07-02</subfield>
    <subfield code="h">1</subfield>
    <subfield code="i">SGTU</subfield>
    <subfield code="l">0</subfield>
    <subfield code="o">627.52 VAR</subfield>
    <subfield code="p">FE3857</subfield>
    <subfield code="r">2015-02-09 00:00:00</subfield>
    <subfield code="w">2015-02-09</subfield>
    <subfield code="y">BK</subfield>
  </datafield>
  <datafield tag="952" ind1=" " ind2=" ">
    <subfield code="0">0</subfield>
    <subfield code="1">0</subfield>
    <subfield code="2">ddc</subfield>
    <subfield code="4">0</subfield>
    <subfield code="7">0</subfield>
    <subfield code="a">FE</subfield>
    <subfield code="b">FE</subfield>
    <subfield code="d">2011-07-02</subfield>
    <subfield code="h">1</subfield>
    <subfield code="i">SGTU</subfield>
    <subfield code="l">0</subfield>
    <subfield code="o">627.52 VAR</subfield>
    <subfield code="p">FE3858</subfield>
    <subfield code="r">2015-02-09 00:00:00</subfield>
    <subfield code="w">2015-02-09</subfield>
    <subfield code="y">BK</subfield>
  </datafield>
  <datafield tag="952" ind1=" " ind2=" ">
    <subfield code="0">0</subfield>
    <subfield code="1">0</subfield>
    <subfield code="2">ddc</subfield>
    <subfield code="4">0</subfield>
    <subfield code="7">0</subfield>
    <subfield code="a">FE</subfield>
    <subfield code="b">FE</subfield>
    <subfield code="d">2011-07-02</subfield>
    <subfield code="h">1</subfield>
    <subfield code="i">SGTU</subfield>
    <subfield code="l">0</subfield>
    <subfield code="o">627.52 VAR</subfield>
    <subfield code="p">FE3859</subfield>
    <subfield code="r">2015-02-09 00:00:00</subfield>
    <subfield code="w">2015-02-09</subfield>
    <subfield code="y">BK</subfield>
  </datafield>
  <datafield tag="952" ind1=" " ind2=" ">
    <subfield code="0">0</subfield>
    <subfield code="1">0</subfield>
    <subfield code="2">ddc</subfield>
    <subfield code="4">0</subfield>
    <subfield code="7">0</subfield>
    <subfield code="a">FE</subfield>
    <subfield code="b">FE</subfield>
    <subfield code="d">2011-07-02</subfield>
    <subfield code="h">1</subfield>
    <subfield code="i">SGTU</subfield>
    <subfield code="l">0</subfield>
    <subfield code="o">627.52 VAR</subfield>
    <subfield code="p">FE3860</subfield>
    <subfield code="r">2015-02-09 00:00:00</subfield>
    <subfield code="w">2015-02-09</subfield>
    <subfield code="y">BK</subfield>
  </datafield>
  <datafield tag="999" ind1=" " ind2=" ">
    <subfield code="c">5302</subfield>
    <subfield code="d">5302</subfield>
  </datafield>
</record>
